<?xml version="1.0" encoding="UTF-8"?>
<record
    xmlns:xsi="http://www.w3.org/2001/XMLSchema-instance"
    xsi:schemaLocation="http://www.loc.gov/MARC21/slim http://www.loc.gov/standards/marcxml/schema/MARC21slim.xsd"
    xmlns="http://www.loc.gov/MARC21/slim">

  <leader>01709nam a22002057a 4500</leader>
  <controlfield tag="005">20251104093041.0</controlfield>
  <controlfield tag="008">251104b        |||||||| |||| 00| 0 eng d</controlfield>
  <datafield tag="020" ind1=" " ind2=" ">
    <subfield code="a">9781399728546</subfield>
  </datafield>
  <datafield tag="040" ind1=" " ind2=" ">
    <subfield code="c">AL</subfield>
  </datafield>
  <datafield tag="041" ind1=" " ind2=" ">
    <subfield code="a">English</subfield>
  </datafield>
  <datafield tag="082" ind1=" " ind2=" ">
    <subfield code="a">813.6</subfield>
    <subfield code="b">TOMM</subfield>
  </datafield>
  <datafield tag="100" ind1=" " ind2=" ">
    <subfield code="a">Liz Tomforde</subfield>
    <subfield code="9">243681</subfield>
  </datafield>
  <datafield tag="245" ind1=" " ind2=" ">
    <subfield code="a">Mile high</subfield>
  </datafield>
  <datafield tag="260" ind1=" " ind2=" ">
    <subfield code="a">London</subfield>
    <subfield code="b">Hidder and Stoughton</subfield>
    <subfield code="c">2022</subfield>
  </datafield>
  <datafield tag="300" ind1=" " ind2=" ">
    <subfield code="a">583p.</subfield>
    <subfield code="b">PB</subfield>
    <subfield code="c">20x13cm</subfield>
  </datafield>
  <datafield tag="365" ind1=" " ind2=" ">
    <subfield code="b">&#x20B9;559.20</subfield>
    <subfield code="c">&#x20B9;</subfield>
    <subfield code="d">&#x20B9;699.00</subfield>
    <subfield code="e">20%</subfield>
    <subfield code="f">25-10-2025</subfield>
  </datafield>
  <datafield tag="520" ind1=" " ind2=" ">
    <subfield code="a">ZANDERS
Chicago hockey isn't complete without me - everyone's favourite player to hate. I know my role, and I play it well. In fact, I thoroughly enjoy spending the majority of my game time in the penalty box before leaving the arena with a new girl on my arm each night.
What I don't like is the new flight attendant on our team's private plane. She works for me, not the other way around. But I'll be sure to remind her of that, and I can guarantee, by the end of the season, she'll be begging to quit her job.
But every road trip blurs the lines, and I can't quite figure out if I keep pushing that flight attendant call button in order to push her buttons, or if it's more than that
STEVIE
I've been a flight attendant for years. I thought I'd seen it all, but when my new job lands me onboard working for the most egotistical and self-righteous diva in the NHL, I start to second guess everything. Including the promise I made to myself of never hooking up with an athlete again . . . no matter how annoyingly tempting he may be.
Evan Zanders is unfiltered, unapologetic, and too attractive for his own good. He loves his image, but I hate everything about it.</subfield>
  </datafield>
  <datafield tag="650" ind1=" " ind2=" ">
    <subfield code="a">American English Fiction</subfield>
    <subfield code="9">243682</subfield>
  </datafield>
  <datafield tag="942" ind1=" " ind2=" ">
    <subfield code="2">ddc</subfield>
    <subfield code="c">BK</subfield>
  </datafield>
  <datafield tag="999" ind1=" " ind2=" ">
    <subfield code="c">240648</subfield>
    <subfield code="d">240648</subfield>
  </datafield>
  <datafield tag="952" ind1=" " ind2=" ">
    <subfield code="0">0</subfield>
    <subfield code="1">0</subfield>
    <subfield code="2">ddc</subfield>
    <subfield code="4">0</subfield>
    <subfield code="7">0</subfield>
    <subfield code="8">ENG</subfield>
    <subfield code="a">AL</subfield>
    <subfield code="b">AL</subfield>
    <subfield code="c">SK</subfield>
    <subfield code="d">2025-10-30</subfield>
    <subfield code="e">Biblios Book Point, Surathkal-575014</subfield>
    <subfield code="g">559.20</subfield>
    <subfield code="l">2</subfield>
    <subfield code="m">1</subfield>
    <subfield code="o">813.6 TOMM</subfield>
    <subfield code="p">077965</subfield>
    <subfield code="r">2026-02-05 08:42:16</subfield>
    <subfield code="s">2026-01-31</subfield>
    <subfield code="v">699.00</subfield>
    <subfield code="w">2025-10-25</subfield>
    <subfield code="y">BK</subfield>
  </datafield>
</record>
